000 00460nam a22001937a 4500
003 MPLRDC
005 20220104114732.0
008 210129b ||||| |||| 00| 0 eng d
020 _a986-7546-17-3
082 _a753.719 GJX
100 _a郭建兴等
245 _a温哥华城市散步
_c
250 _a初版
260 _a
_b太雅
_c2004
300 _b
490 _a世界主题之旅. 13
650 _a温哥华游记
942 _cBK
_o753.719 GJX
999 _c9813
_d9803